000 00368nam a2200133Ia 4500
008 231129s9999||||xx |||||||||||||| ||spa||
020 _a84-205-3135-9
040 _bspa
082 _a658.404 D252g
100 _aDavidson Jeff
245 0 _aLa gestión de proyectos
264 _aMadrid España: Prentice Hall
942 _2ddc
_cBKS
999 _c17215
_d17215